000 00746nam a2200241 i 4500
001 88573
003 ES-MaACL
005 20250824063036.0
007 t|
008 050105s1977 sp ||||1| spa d
100 1 _aLandsheere, Viviane.
_969981
245 1 0 _aObjetivos de la educación /
_cViviane y Gilbert de Landsheere.
250 _a[1ª ed.].
260 _aBarcelona, etc. :
_bOikos-Tau,
_c[1977]
300 _a316 p. ;
_c19 cm.
490 1 _aCiencias de la educación (Oikos-Tau)
_9241993
700 1 _aLandsheere, Gilbert.
_969980
700 1 _aFerrer, Alexandre.
_950405
830 0 _aCiencias de la educación (Oikos-Tau)
_9241993
852 _aES-MaACL
_jA-6601
_bR.95683
942 _2udc
999 _c88573
_d88573